Τα Θυάτειρα (το Αξάρι) : η ιστορική πολιτεία της Μικράς Ασίας από τα αρχαία χρόνια ως τη Μικρασιατική Καταστροφή

Αποθηκεύτηκε σε:
Λεπτομέρειες βιβλιογραφικής εγγραφής
Κύριος συγγραφέας: Κασιάνης, Ελευθ. Θ. (Ελευθέριος Θ.), 1918-
Μορφή: Βιβλίο
Γλώσσα:Greek
Δημοσίευση: Αθήνα : Ένωση Σμυρναίων Αθηναίων, 1981.
Θέματα:
Ετικέτες: Προσθήκη ετικέτας
Δεν υπάρχουν, Καταχωρήστε ετικέτα πρώτοι!

MARC

LEADER 00000nam a2200000 a 4500
001 1/126692
008 230526s1981####gr a ||| |||| ||gre||
040 |a GR-MyUa  |b gre  |c GR-MyUa  |e AACR2 
041 0 |a gre 
082 7 |a 956.2   |2 (23) 
100 1 |a Κασιάνης, Ελευθ. Θ.   |q (Ελευθέριος Θ.),   |d 1918- 
245 1 3 |a Τα Θυάτειρα (το Αξάρι) :   |b η ιστορική πολιτεία της Μικράς Ασίας από τα αρχαία χρόνια ως τη Μικρασιατική Καταστροφή /   |c Ελευθ. Θ. Κασιάνης.  
260 |a Αθήνα :   |b Ένωση Σμυρναίων Αθηναίων,   |c 1981.  
300 |a 195 σ. :   |b χάρτες, εικ. ;   |c 24 εκ.  
504 |a Βιβλιογραφία: σ. 17-20. Ευρετήριο.  
650 0 |a Greeks  |z Turkey  |x History  |y 19th century. 
650 0 |a Greeks  |z Turkey  |x History  |y 20th century. 
651 0 |a Turkey  |x History. 
651 0 |a Akhisar (Manisa İli, Turkey)   |x History. 
852 |a INST  |b LESVOS  |e 20230526  |h 956.2 ΚΑΣ  |p 005100064558  |q 005100064558  |t BK  |y 0 
852 |a INST  |b LESVOS  |e 20230526  |h 956.2 ΚΑΣ  |p 005100064559  |q 005100064559  |t BK  |y 0 
970 |a Καμάτσου  |b Δέσποινα  |z 26-05-2023